A Poet's Reverie/ (Record no. 176935)

MARC details
000 -LEADER
fixed length control field 00532nam a22001817a 4500
005 - DATE AND TIME OF LATEST TRANSACTION
control field 20210203104159.0
010 ## - LCCN (DPL NO)
LC control number ENG-128934
020 ## - INTERNATIONAL STANDARD BOOK NUMBER
International Standard Book Number 978-93-5427-265-3
Terms of availability 230.00
035 ## - SYSTEM CONTROL NUMBER
System control number EN-112466
037 ## - SOURCE OF ACQUISITION
Source of stock number/acquisition DBAD/PUB
082 ## - DEWEY DECIMAL CLASSIFICATION NUMBER
Classification number 881
100 ## - MAIN ENTRY--PERSONAL NAME
Personal name Porten, Carl
245 ## - TITLE STATEMENT
Title A Poet's Reverie/
Statement of responsibility, etc Carl Porten
260 ## - PUBLICATION, DISTRIBUTION, ETC. (IMPRINT)
Place of publication, distribution, etc Delhi
Name of publisher, distributor, etc Blue Rose Publishers
Date of publication, distribution, etc 2020
270 ## - ADDRESS
City Delhi
Postal code 110002
Address 4233/1, Ansari Road, Darya Ganj
Electronic mail address info@bluerosepublishers.com
300 ## - PHYSICAL DESCRIPTION
Extent 214p.
Dimensions 21cm(pbk)
942 ## - ADDED ENTRY ELEMENTS (KOHA)
Source of classification or shelving scheme Dewey Decimal Classification
Item type English Books
Classification part 881
Call number suffix JAN
Holdings
Withdrawn status Lost status Not for loan Collection code Home library Current library Date acquired Source of acquisition Cost, normal purchase price Full call number Barcode Copy number Cost, replacement price Koha item type
      Non-fiction Sarojini Nagar Sarojini Nagar 03/02/2021 DBAD/PUB 230.00 881 JAN EN-112466 1 230.00 English Books

© Delhi Public Library
Hit Counter
free hit counter